Worst U.S. States for Affordability - Statistics

General Stats
  • This quiz has been taken 467 times
    204 since last reset
  • The average score is 12 of 15
Answer Stats
Rank State % Correct
50 California
97%
45 New York
96%
47 Washington
90%
46 Massachusetts
85%
40 Oregon
85%
39 Florida
82%
43 Connecticut
79%
48 New Jersey
77%
38 Rhode Island
77%
49 Hawaii
75%
42 Maryland
72%
44 New Hampshire
63%
37 Virginia
61%
36 Arizona
57%
41 Colorado
56%
No matching quizzes found
Score Distribution
Percent of People with Each Score
Percentile by Number Answered
Your Score History
You have not taken this quiz since the last reset